000 00587nam a2200229Ia 4500
003 OSt
005 20220928112525.0
006 a|||||r|||| 00| 0
007 ta
008 220927b |||||||| |||| 00| 0 eng d
024 _a51260
037 _cTextual
040 _aSDCL
_cSDCL
_beng
041 _2eng
_aeng
082 _aR325, L2
100 _aHarper Ralph
_9428560
245 0 _aExistential experience.
260 _aBaltimore
_bThe Johns Hopins Press
_c1972
300 _aix161p
_ccm.
942 _hR325, L2
_cTEXL
_2CC
999 _c745110
_d745110